000 00308nam a22001337a 4500
008 181029b xxu||||| |||| 00| 0 eng d
020 _a9781561384501
041 _aeng
080 _a701
100 _a45
101 _aART
245 _aMy sisters have taught me to live
_cWohlmuth, Sh. J
942 _2udc
_cBK
999 _c51024
_d51024